El tratado de Montevideo de 1980 (Registro nro. 23660)
[ vista simple ]
| 000 -LEADER | |
|---|---|
| fixed length control field | 00327 a2200109 4500 |
| 001 - CONTROL NUMBER | |
| control field | ART_9540 |
| 005 - DATE AND TIME OF LATEST TRANSACTION | |
| control field | 20260410161836.0 |
| 008 - FIXED-LENGTH DATA ELEMENTS--GENERAL INFORMATION | |
| fixed length control field | 260409a |
| 100 1# - MAIN ENTRY--PERSONAL NAME | |
| Personal name | Fratalocchi, Aldo |
| 245 10 - TITLE STATEMENT | |
| Title | El tratado de Montevideo de 1980 |
| 773 0# - HOST ITEM ENTRY | |
| Title | Contabilidad y administración |
| Related parts | - Año 4, Nº 47 (may. 1981) |
| Record control number | REV5485 |
No hay ítems disponibles.